000 00710nam a22002417a 4500
001 0074
003 DO-SdBNP
005 20180208101509.0
007 0074
008 151014b sp 1967 xxu||||| |||| 00| 0 spa d
040 _aBPMSU
_bspa
_cBPMSU
100 1 0 _aBlyton, Enid
240 _aThe six bad boys
_lEspañol
245 1 _aSeis chicos malos /
_cEnid Blyton ; traducción Ma. Lourdes Pol de Ramirez; ilustraciones de Mary Gernat
300 _a175 p. :
_bil.,
_c20 cm.
490 1 0 _aAventura ;
_v82
700 1 _aPol de Ramírez, Maria de Lourdes
_etrad.
700 1 _aGernat, Mary
_eil.
830 0 0 _aAventura ;
_n82
942 _2ddc
_cBK
945 _aInventariado, 2018/MFF
956 _aBrenda Tavárez
999 _c8380
_d8380